• 首页
  • 本馆介绍
  • 公告通知
  • 最新文献
  • 馆藏检索
  • 电子资源
  • 读者导购
  • 参考咨询
  • 我的图书馆
  • 登录
  • 详细信息显示
  • 放入我的书架
  • 预约/预借图书
  • 作者相关作品
  • 分类相关作品
  • 丛书相关作品
  • 出版社相关作品

书目信息

  • 表格格式
  • 工作单格式
  • 卡片格式
题名:
辽金农业地理
    
 
作者: 韩茂莉 著
分册:  
出版信息: 北京   社会科学文献出版社  1999
页数: 299页
开本: 20cm
丛书名: 东方历史学术文库
单 册:
中图分类: F320.046
科图分类:
主题词: 农业经济--中国 , 农业地理:历史地理
电子资源:
ISBN: 7-80149-186-6
000 00647nam0 2200229 45
001 0204280983
005 20031219104055.2
010    @a7-80149-186-6@dCNY20.80
100    @a20020428d1999 km y0chiy0120 ea
101 0  @achi
105    @a z 000yy
200 1  @a辽金农业地理@ALiao Jin Nong Ye Di Li@f韩茂莉著@FHan Mao Li Zhu
210    @a北京@c社会科学文献出版社@d1999
215    @a299页@d20cm
225    @a东方历史学术文库
410    @12001 @a东方历史学术文库
606 0  @a农业经济@x中国
606 0  @a农业地理:历史地理
690    @aF320.046@v4
701  0 @a韩茂莉@4著
801    @aCN@bTSTC@c20020428
905    @b309396-398@dF320.046@e32@f3
    
    辽金农业地理/韩茂莉著.-北京:社会科学文献出版社,1999
    299页;20cm.-(东方历史学术文库)
    
    
    ISBN 7-80149-186-6:CNY20.80
    
●
相关链接 在E读中查询图书 在五车中查询图书 在当当中查询图书 在豆瓣中查询图书


正题名:辽金农业地理     索取号:F320.046/32         预约/预借

序号 登录号 条形码 馆藏地/架位号 状态 备注
1 0309396   203093963   第一借阅区/ [索取号:F320.046/32] 在馆    
2 0309397   203093972   第一借阅区/ [索取号:F320.046/32] 在馆    
3 0309398   203093981   第一样本阅览室/ [索取号:F320.046/32] 在馆    
唐山师范学院图书馆 欢迎您!
大连网信软件有限公司© 版权所有